Globalising rural development : (Record no. 3470)

MARC details
000 -LEADER
fixed length control field 01081cam a22003134a 4500
001 - CONTROL NUMBER
control field 14281964
003 - CONTROL NUMBER IDENTIFIER
control field OSt
005 - DATE AND TIME OF LATEST TRANSACTION
control field 20161004150436.0
008 - FIXED-LENGTH DATA ELEMENTS--GENERAL INFORMATION
fixed length control field 060301s2006 ii a b 001 0 eng
010 ## - LIBRARY OF CONGRESS CONTROL NUMBER
LC control number 2006007311
020 ## - INTERNATIONAL STANDARD BOOK NUMBER
International Standard Book Number 817829625X
020 ## - INTERNATIONAL STANDARD BOOK NUMBER
International Standard Book Number 0761934782
035 ## - SYSTEM CONTROL NUMBER
System control number (OCoLC)ocm64453459
040 ## - CATALOGING SOURCE
Original cataloging agency DLC
Transcribing agency DLC
Modifying agency BWKUK
-- BAKER
-- DLC
042 ## - AUTHENTICATION CODE
Authentication code pcc
050 00 - LIBRARY OF CONGRESS CALL NUMBER
Classification number HN49.C6
Item number G568 2006
082 00 - DEWEY DECIMAL CLASSIFICATION NUMBER
Classification number 307.1412
Edition number 22
Item number GLO 2006
100 ## - MAIN ENTRY--PERSONAL NAME
Personal name Editor, Behera M.C.
9 (RLIN) 11142
245 00 - TITLE STATEMENT
Title Globalising rural development :
Remainder of title competing paradigms and emerging realities
260 ## - PUBLICATION, DISTRIBUTION, ETC. (IMPRINT)
Place of publication, distribution, etc. London :
Name of publisher, distributor, etc. Sage,
Date of publication, distribution, etc. 2006.
300 ## - PHYSICAL DESCRIPTION
Extent 462 p. :
Other physical details ill. ;
Dimensions 23 cm.
504 ## - BIBLIOGRAPHY, ETC. NOTE
Bibliography, etc Includes bibliographical references and index.
650 #0 - SUBJECT ADDED ENTRY--TOPICAL TERM
Topical term or geographic name as entry element Rural development
9 (RLIN) 7752
650 #0 - SUBJECT ADDED ENTRY--TOPICAL TERM
General subdivision Economic Development
9 (RLIN) 7333
856 42 - ELECTRONIC LOCATION AND ACCESS
Materials specified Publisher description
Uniform Resource Identifier http://www.loc.gov/catdir/enhancements/fy0701/2006007311-d.html
856 41 - ELECTRONIC LOCATION AND ACCESS
Materials specified Table of contents only
Uniform Resource Identifier http://www.loc.gov/catdir/enhancements/fy0701/2006007311-t.html
906 ## - LOCAL DATA ELEMENT F, LDF (RLIN)
a 7
b cbc
c orignew
d 1
e ecip
f 20
g y-gencatlg
942 ## - ADDED ENTRY ELEMENTS (KOHA)
Source of classification or shelving scheme Dewey Decimal Classification
Koha item type Short Loan
Holdings
Withdrawn status Lost status Source of classification or shelving scheme Damaged status Not for loan Home library Current library Date acquired Inventory number Total Checkouts Full call number Barcode Date last seen Price effective from Koha item type
    Dewey Decimal Classification     MUST Main Library MUST Main Library 12/04/2016 2009/31906   307.1412 GLO 2006 2016-0737 12/04/2016 12/04/2016 Short Loan